Fundamentals of soil mechanics

Պահպանված է:
Մատենագիտական մանրամասներ
Հիմնական հեղինակ: Rao, Narasimha. A.V
Ձևաչափ: Գիրք
Լեզու:անգլերեն
Հրապարակվել է: University Science Press 2011
Ցուցիչներ: Ավելացրեք ցուցիչ
Չկան պիտակներ, Եղեք առաջինը, ով նշում է այս գրառումը!

MARC

LEADER 00000nam a22000007a 4500
008 231113b |||||||| |||| 00| 0 eng d
020 |a 9789380386799 
100 |a Rao, Narasimha. A.V. 
245 |a Fundamentals of soil mechanics  |c /A.V. Narasimha Rao  |g xiii, 213p 
260 |b University Science Press  |c 2011  |h New Delhi  |i 701710  |i 701711  |l TA710.R18  |m Soil mechanics 
500 |a it includes index 
942 |a lcc  |c BK  |e Johnson  |f 13/11/23 
952 |0 0  |1 0  |2 lcc  |4 0  |6 TA0710 R18  |7 0  |9 4630  |a TL  |b HOL  |c QZ  |d 2023-11-13  |l 0  |o TA710.R18  |p 2023-0549  |r 2023-11-13 00:00:00  |t 701710  |w 2023-11-13  |y BK 
952 |0 0  |1 0  |2 lcc  |4 0  |6 TA0710 R18  |7 0  |9 4631  |a HOL  |b HOL  |c QZ  |d 2023-11-13  |l 0  |o TA710.R18  |p 2023-0550  |r 2023-11-13 00:00:00  |t 701711  |w 2023-11-13  |y BK 
952 |0 0  |1 0  |2 lcc  |4 0  |6 TA0710 R18  |7 0  |9 4633  |a HOL  |b HOL  |c QZ  |d 2023-11-13  |l 0  |o TA710.R18  |p 2023-0551  |r 2023-11-13 00:00:00  |t 701709  |w 2023-11-13  |y BK 
999 |c 2323  |d 2323